01080nam a2200301Ia 4500001000700000003000500007008004100012010001100053040000900064082001500073100007300088245006600161260004600227300002100273440000500294500001600299503000500315650015700320650004300477901001500520902000600535910000900541942000600550942000700556999001900563952009800582952009800680Z_3032CHAP220113s1994 xx 000 0 und d a166117 cCHAP a636.085 R4 aReunión de Nutrición Animal (5 : 1994 : Saltillo, Coah.)9140188 aMemorias /cpor Universidad Autónoma Agraria Antonio Narro aSaltillo, Coah. :bLa Universidad,c1994 a233 p. : bilus. a aFotocopía a aAlimentos y alimentación del ganadoxCongresos I. Universidad Agraria Antonio Narro. Saltillo, Coah. Departamento de Nutrición Animal II. t.9138242 aNutrición animalx Congresos 982277 a636.085 R4 aA a1994 c1 cc1 c166117d166117 00102ddc40708GRALaZbZc1d2005-11-09pz_3116r2022-01-18 00:00:00t1w2022-01-18yLIBRO 00102ddc40708GRALaZbZc1d2005-11-09pz_3609r2022-01-18 00:00:00t2w2022-01-18yLIBRO